| 000 | 00416nam a2200181Ia 4500 | ||
|---|---|---|---|
| 001 | 1673 | ||
| 005 | 20260306143745.0 | ||
| 008 | 260306t1981||||xx |||||||||||||| ||spa|| | ||
| 041 | _aESP | ||
| 082 |
_a153.93 _bJ419 |
||
| 100 |
_aJay Gould, Stephen _eAUT |
||
| 245 | 4 | _aThe mismeasure of man | |
| 260 | _c1981 | ||
| 300 |
_a352 páginas : _c19 cm. |
||
| 650 | _aGEN | ||
| 654 | _aCPS | ||
| 942 |
_cLIB _dJUS _fJUS _2ddc _n |
||
| 999 |
_c1673 _d1673 |
||